Sự phát quang của tinh thể ZnSe /

Đã lưu trong:
書目詳細資料
主要作者: Phạm Văn Bền.
其他作者: Bùi Hồng Vân.
格式: Bài viết
語言:Vietnamese
標簽: 添加標簽
沒有標簽, 成為第一個標記此記錄!
Thư viện lưu trữ: Thư viện Trường Đại học Đà Lạt
LEADER 00795nam a2200241 4500
001 DLU120001254
005 ##20121127
040 # # |a DLU  |b vie 
041 # # |a vie 
044 # # |a vn 
100 # # |a Phạm Văn Bền. 
245 # # |a Sự phát quang của tinh thể ZnSe /  |c Phạm Văn Bền, Bùi Hồng Vân. 
700 # # |a Bùi Hồng Vân. 
773 # # |t Tuyển tập các báo cáo hội nghị vật lý toàn quốc lần thứ VI tập I: vật lý lý thuyết, quang học quang phổ  |g 2006, tr. 283-286 
920 # # |a Phòng Tạp chí -- Trung tâm Thông tin - Thư viện Trường Đại học Đà Lạt 
994 # # |a DLU 
900 # # |a True 
911 # # |a Trương Thị Mỹ Lệ 
925 # # |a G 
926 # # |a A 
927 # # |a BB 
980 # # |a Thư viện Trường Đại học Đà Lạt